Normal view
MARC view
- H. J. Chaytor
Entry Personal Name
001 - CONTROL NUMBER
- control field: 108440
003 - CONTROL NUMBER IDENTIFIER
- control field: NUST
005 - DATE AND TIME OF LATEST TRANSACTION
- control field: 20230202095849.0
008 - FIXED-LENGTH DATA ELEMENTS
- fixed length control field: 230202|| aca||aabn | a|a d
040 ## - CATALOGING SOURCE
- Original cataloging agency: NUST
- Transcribing agency: NUST
100 ## - HEADING--PERSONAL NAME
- Personal name: H. J. Chaytor
670 ## - SOURCE DATA FOUND
- Source citation: Work cat.: (NUST)186974: H. J. Chaytor, European History: Great Leaders and Landmarks / , 1914
